| 000 | 00473nam a2200181Ia 4500 | ||
|---|---|---|---|
| 008 | 240925s9999 xx 000 0 und d | ||
| 020 | _a412383101 | ||
| 082 | _a621.3192 POI | ||
| 100 | _aPointen, A. J.; Howarth, H. M. | ||
| 245 | 0 | _aAc and Dc Network Theory | |
| 250 | _a1st | ||
| 260 |
_aLondon: _bChapman & Hall _c,1991. |
||
| 300 |
_avii,178p. _bNA _fOriginal |
||
| 500 | _aIncludes Index | ||
| 600 | _aElectrical Engineering | ||
| 650 | _aTechnology | ||
| 942 | _cBK | ||
| 999 |
_c3531 _d3531 |
||